00391 2200157 4500001002100000005001500021035002000036245003600056100002200092300002600114260004100140082000800181084001400189020001800203990001200221INLIS00000000000189720250520091923 a0010-05250001891 aInnamorata /cYatie Asfan Lubis0 aYatie Asfan Lubis a242 hlm ;c11 x 18 cm aYogyakarta :bMedia pressindo,c2005 a800 a800 YAT i a979-222-107-7 a0754791